<?xml version="1.0" encoding="UTF-8"?><?xml-stylesheet type="text/xsl" href="static/style.xsl"?><OAI-PMH xmlns="http://www.openarchives.org/OAI/2.0/" xmlns:xsi="http://www.w3.org/2001/XMLSchema-instance" xsi:schemaLocation="http://www.openarchives.org/OAI/2.0/ http://www.openarchives.org/OAI/2.0/OAI-PMH.xsd"><responseDate>2026-04-28T19:35:48Z</responseDate><request verb="GetRecord" identifier="oai:uvadoc.uva.es:10324/4667" metadataPrefix="marc">https://uvadoc.uva.es/oai/request</request><GetRecord><record><header><identifier>oai:uvadoc.uva.es:10324/4667</identifier><datestamp>2021-05-21T23:43:55Z</datestamp><setSpec>com_10324_38</setSpec><setSpec>col_10324_852</setSpec></header><metadata><record xmlns="http://www.loc.gov/MARC21/slim" xmlns:doc="http://www.lyncode.com/xoai" xmlns:xsi="http://www.w3.org/2001/XMLSchema-instance" xmlns:dcterms="http://purl.org/dc/terms/" xsi:schemaLocation="http://www.loc.gov/MARC21/slim http://www.loc.gov/standards/marcxml/schema/MARC21slim.xsd">
<leader>00925njm 22002777a 4500</leader>
<datafield tag="042" ind1=" " ind2=" ">
<subfield code="a">dc</subfield>
</datafield>
<datafield tag="720" ind1=" " ind2=" ">
<subfield code="a">Collazos Bravo, José María</subfield>
<subfield code="e">author</subfield>
</datafield>
<datafield tag="260" ind1=" " ind2=" ">
<subfield code="c">2013</subfield>
</datafield>
<datafield tag="520" ind1=" " ind2=" ">
<subfield code="a">La comunidad autónoma de Extremadura establece que todos los terrenos forestales de más de 200 ha han de tener un Plan ampliado de prevención de incendios forestales. Las tres fincas&#xd;
scogidas tienen un único propietario y su propio sistema preventivo anterior a la legislación.Este Clocumento pretende adecuar a la legislación de Extremadura la zona de estudio de forma que&#xd;
ea lo menos costoso posible tanto económica como organizativamente.</subfield>
</datafield>
<datafield tag="024" ind2=" " ind1="8">
<subfield code="a">http://uvadoc.uva.es/handle/10324/4667</subfield>
</datafield>
<datafield ind1=" " ind2=" " tag="653">
<subfield code="a">Bosques-Incendios-Prevención y control</subfield>
</datafield>
<datafield tag="245" ind1="0" ind2="0">
<subfield code="a">Plan de Prevención de Incendios Forestales de la Dehesa del Barco, el Barquillo y Alpotreque, en los términos municipales de Alburquerque y Cáceres</subfield>
</datafield>
</record></metadata></record></GetRecord></OAI-PMH>